American States with the Death Penalty - Statistics

General Stats
  • This quiz has been taken 237 times
  • The average score is 26 of 32
Answer Stats
Answer % Correct
Utah
92%
California
91%
Florida
91%
Alabama
88%
Texas
88%
Arizona
85%
Georgia
85%
Wyoming
85%
South Dakota
84%
Missouri
83%
Washington
83%
Kentucky
82%
Tennessee
82%
Oklahoma
81%
South Carolina
81%
Arkansas
80%
Idaho
80%
Kansas
80%
Nevada
80%
Virginia
80%
Louisiana
79%
Ohio
78%
Oregon
78%
Colorado
77%
Delaware
77%
Mississippi
77%
North Carolina
77%
Pennsylvania
77%
Nebraska
76%
Montana
75%
Indiana
71%
New Hampshire
69%
No matching quizzes found
Score Distribution
Percent of People with Each Score
Percentile by Number Answered
Your Score History
You have not taken this quiz